00347nam a2200133Ia 45000010005000000080041000050200022000460820023000681000032000912450024001232600023001479010028001709990015001983917241024s9999 xx 000 0 und d a978-9945-465-21-1 aRD/863.97293/G216p aObdulia García de Escobar 0aLa princesa esta yo bEdiciones CPc2013 a29/1/2015 11:48:06 a.m. c7774d7774